| 000 | 01589nam a2200229Ia 4500 | ||
|---|---|---|---|
| 003 | Ost | ||
| 005 | 20260507075246.0 | ||
| 008 | 260507s9999||||xx |||||||||||||| ||und|| | ||
| 040 | _cfsecg | ||
| 041 | _aara | ||
| 082 | _a330 | ||
| 100 |
_aالكسار، طلال عبد الحسن _eمؤلف |
||
| 245 | 0 |
_aالمحاسبة المتقدمة باتجاهات حديثة / _c طلال عبد الحسن الكسار |
|
| 260 |
_aعمان: _bمكتبة المجتمع العربي, _c2010 |
||
| 300 |
_a545 صفحة؛ _bإيضاحات ؛ _c24 سم |
||
| 504 | _aمراجع ص.545 ؛ ملاحق ص.443 ؛ تمارين عامة ص.415 | ||
| 520 | _aالاستثمار في السندات و الأسهم ، الاستثمار في السندات المحتفظ بها لتاريخ الاستحقاق ، الاستثمار في السندات المتاحة للبيع و في السندات لأغراض المتاجرة ، المحاسبية عن الاستثمار في الأسهم ، الاستثمار في الشركات المساهمة العامة ، حالة الشراء و الامتلاك في الشركات القابضة و التابعة ، إجراءات توحيد القوائم المالية بعد بتاريخ الشراء بفترة مالية واحدة أو اكثر ، العمليات المتبادلة للشركات القابضة و التابعة ، المحاسبة عن عقود الايجار طويلة الاجل. | ||
| 653 | _aالاستثمار | ||
| 653 | _aالمحاسبة | ||
| 653 | _aالمحاسبة المالية | ||
| 942 | _cكتاب | ||
| 999 |
_c43660 _d43660 |
||